Statistics for Countries Closest to Kiribati

Click here to take the quiz!

General Stats

  • This quiz has been taken 1,861 times
    (1,778 since last reset)
  • The average score is 17 of 20

Answer Stats

kmcountrymiles% Correct
3086Australia1918
98%
3751New Zealand2331
95%
3179Indonesia1976
92%
304Marshall Islands189
92%
343Tuvalu213
91%
1539Fiji956
90%
288Nauru179
90%
3983Palau2475
90%
1636Papua New Guinea1016
90%
1104Solomon Islands686
90%
994Micronesia618
89%
1179Samoa733
89%
1462Tonga909
89%
1398Vanuatu869
89%
4851Philippines3014
85%
1715United States1035
84%
5628Malaysia3497
82%
4738Japan2944
80%
4755Timor-Leste2955
77%
5543Russia3444
42%

Score Distribution

Percentile by Number Answered

Percent of People with Each Score

Your Score History

You have not taken this quiz since the last reset